01737cam a2200385 i 450000100090000000300050000900500170001400800410003101000170007202000250008902000150011404000280012904100130015704200080017005000220017808200190020010000610021924000350028024501100031525000190042526400580044430000300050233600210053233700250055333800230057849000310060150502920063265000250092485601060094985600910105590600450114694200120119199900190120395201290122218721633NUST20221027143752.0150729r20161954nyu 001 0 eng  a 2015028988 a9780486781655 (pbk.) a0486781658 aDLCbengcDLCerdadDLC1 aenghrus apcc00aQA241b.V513 201600a512.7, VIN2231 aVinogradov, I. M.q(Ivan Matveevich),d1891-1983.91054010aOsnovy teorii chisel.lEnglish10aElements of number theory /cI.M. Vinogradov ; translated from the fifth revised edition by Saul Kravetz. aDover edition. 1aMineola, New York :bDover Publications, Inc.,c2016. aviii, 227 pages ;c22 cm. atext2rdacontent aunmediated2rdamedia avolume2rdacarrier0 aDover books on mathematics aChapter I- Divisibility Theory (Page-1),Chapter II- Important Number-Theoretical Functions (Page-21),Chapter III- Congruences (Page-41),Chapter IV- Congruences in One Unknown (Page-59),Chapter V- Congruences of Second Degree (Page-79), Chapter VI- Primitive Roots and Indices (Page-105). 0aNumber theory.93455423Contributor biographical informationuhttp://www.loc.gov/catdir/enhancements/fy1511/2015028988-b.html423Publisher descriptionuhttp://www.loc.gov/catdir/enhancements/fy1511/2015028988-d.html a7bcbccorignewd1eecipf20gy-gencatlg 2ddccBK c592056d592056 00102ddc4070aMCSbMCScGENd2022-10-27o512.7,VINpMCS38174r2022-10-27w2022-10-27yBKzAlmirah Fresh No.44, Shelf No.5